000 00313nam a22001217a 4500
999 _c13827
_d13827
020 _a9789699163111
082 _a954.91
100 _aناظم الدین
245 _aڈوکیومینٹری: تاریخ و ارتقا
260 _bآشیانہ پبلیکیشنز
_c2019
300 _a299 صفحات
942 _cBK